| 000 | 00506nam a2200181Ia 4500 | ||
|---|---|---|---|
| 005 | 20250317123450.0 | ||
| 008 | 008 250317s9999 xx 000 0 eng d | ||
| 037 | _aTextbook | ||
| 040 |
_aFMSL _beng _cFMSL |
||
| 041 |
_aeng _2eng |
||
| 084 |
_aX:8 L3 _qFMSL |
||
| 100 |
_aFitzgerald J M _9740372 |
||
| 245 | 0 | _aFundamentals of system analysis | |
| 260 |
_aNew Delhi _bNew Delhi, John Wiley _c1973 |
||
| 300 | _a531p | ||
| 942 |
_cTB _hX:8 L3 |
||
| 999 |
_c1251369 _d1251369 |
||